00460nam a2200169Ia 4500008004100000041001200041082001700053100002100070245004700091365000700138520001300145546001200158630004700170650001300217655001300230730004700243101110s9999 xx 000 0 und d aENGLISH bSR10020a657 aYorston & Others aAdvanced Accounting ... 6th ed. by Yorston b50 aCommerce aENGLISH aAdvanced Accounting ... 6th ed. by Yorston aCommerce aCommerce aAdvanced Accounting ... 6th ed. by Yorston